00403pab a2200145 454500008004000000100001500040245005300055260000900108300001200117362001200129650002200141650002300163650001500186773005600201180718b1999 xxu||||| |||| 00| 0 eng d aJain, H.M. aThe Indian Presidency under Dr. N. Sanjiva Reddy c1999 ap.66-73 aJan-Dec aReddy, N. Sanjiva aPresidents - India aPresidents aJournal of Constitutional and Parliamentary Studies